Možnosti utváření pozitivního vztahu žáků k četbě
Pokračovanie z č. 4/2015. Predstavenie projektov na rozvíjanie čítania v školskej praxi pre žiakov rôzneho veku.
Enregistré dans:
| Auteur principal: | |
|---|---|
| Format: | Chapitre de livre |
| Langue: | tchèque |
| Sujets: | |
| Tags: |
Pas de tags, Soyez le premier à ajouter un tag!
|
MARC
| LEADER | 00000naa a2200000 4500 | ||
|---|---|---|---|
| 001 | 0200882 | ||
| 005 | 20231127103335.2 | ||
| 041 | 0 | |a cze | |
| 044 | |a SK | ||
| 245 | 1 | 0 | |a Možnosti utváření pozitivního vztahu žáků k četbě |c Markéta Šauerová |
| 520 | |a Pokračovanie z č. 4/2015. Predstavenie projektov na rozvíjanie čítania v školskej praxi pre žiakov rôzneho veku. | ||
| 610 | 2 | 0 | |a školy základné |
| 610 | 2 | 0 | |a žiaci |
| 610 | 2 | 0 | |a knihy |
| 610 | 2 | 0 | |a literatúra |
| 610 | 2 | 0 | |a motivácia |
| 610 | 2 | 0 | |a výchova |
| 610 | 2 | 0 | |a projekty |
| 100 | 1 | |a Šauerová, Markéta | |